Journal of corporate law studies. (Record no. 4938)

MARC details
000 -CABECERA
campo de control de longitud fija 02193cas a2200409 i 4500
001 - NÚMERO DE CONTROL
campo de control 20226703
005 - FECHA Y HORA DE LA ÚLTIMA TRANSACCIÓN
campo de control 20250915101119.0
006 - CÓDIGOS DE INFORMACIÓN DE LONGITUD FIJA--CARACTERÍSTICAS DEL MATERIAL ADICIONAL
campo de control de longitud fija m o d
007 - CAMPO FIJO DE DESCRIPCIÓN FÍSICA--INFORMACIÓN GENERAL
campo de control de longitud fija cr |||||||||||
008 - DATOS DE LONGITUD FIJA--INFORMACIÓN GENERAL
campo de control de longitud fija 171220c20019999enkfr poog 0 0eng c
010 ## - NÚMERO DE CONTROL DE LA BIBLIOTECA DEL CONGRESO
Número de control de LC 2007247533
015 ## - NÚMERO DE BIBLIOGRAFÍA NACIONAL
Número de bibliografía nacional GBB044821
Fuente bnb
016 7# - NÚMERO DE CONTROL DE UNA AGENCIA BIBLIOGRÁFICA NACIONAL
Número de control del registro 2145279-9
Fuente DE-600
016 7# - NÚMERO DE CONTROL DE UNA AGENCIA BIBLIOGRÁFICA NACIONAL
Número de control del registro 014630296
Fuente Uk
022 ## - NÚMERO INTERNACIONAL NORMALIZADO PARA PUBLICACIONES SERIADAS
Número Internacional Normalizado para Publicaciones Seriadas 1757-8426
ISSN Incorrecto 1473-5970
ISSN-L 1473-5970
035 ## - NÚMERO DE CONTROL DEL SISTEMA
Número de control de sistema 20226703
035 ## - NÚMERO DE CONTROL DEL SISTEMA
Número de control de sistema (OCoLC)60617189
037 ## - FUENTE DE ADQUISICIÓN
Fuente del número de adquisición Hart Publishing Ltd., 16c Worchester Pl, Oxford, OX1 2JW United Kingdom
040 ## - FUENTE DE LA CATALOGACIÓN
Centro catalogador/agencia de origen OCLCS
Lengua de catalogación eng
Normas de descripción rda
-- pn
Centro/agencia transcriptor OCLCS
Centro/agencia modificador GAO
-- MUQ
-- BUF
-- HEBIS
-- OCLCQ
-- OCLCF
-- OCLCO
-- TXA
-- OCLCO
-- NLE
-- AU@
-- UKMGB
-- VT2
-- UUM
-- DLC
-- YOR
-- OCLCO
-- TXQ
-- OCLCQ
-- UAB
042 ## - CÓDIGO DE AUTENTICACIÓN
Código de autenticación pcc
043 ## - CÓDIGO DE ÁREA GEOGRÁFICA
Código de área geográfica e-uk---
050 00 - SIGNATURA TOPOGRÁFICA DE LA BIBLIOTECA DEL CONGRESO
Número de clasificación K10
130 0# - ENTRADA PRINCIPAL--TÍTULO UNIFORME
Título uniforme Journal of corporate law studies (Online)
245 10 - MENCIÓN DE TÍTULO
Título Journal of corporate law studies.
246 1# - FORMA VARIANTE DE TÍTULO
Título propio/Titulo breve J. corp. l. stud.
246 1# - FORMA VARIANTE DE TÍTULO
Título propio/Titulo breve JCLS
264 #1 - PRODUCCIÓN, PUBLICACIÓN, DISTRIBUCIÓN, FABRICACIÓN Y COPYRIGHT
Especificación de materiales Volume 1, part 1- :
Producción, publicación, distribución, fabricación y copyright [Oxford, UK] :
Nombre del de productor, editor, distribuidor, fabricante [Hart Publishing],
Fecha de producción, publicación, distribución, fabricación o copyright [2001]-
264 31 - PRODUCCIÓN, PUBLICACIÓN, DISTRIBUCIÓN, FABRICACIÓN Y COPYRIGHT
Especificación de materiales Vol. 15, no. 2- :
Producción, publicación, distribución, fabricación y copyright [Abingdon, Oxford, UK] :
Nombre del de productor, editor, distribuidor, fabricante Routledge, Taylor & Francis
310 ## - PERIODICIDAD ACTUAL
Periodicidad actual Semiannual
362 1# - FECHAS DE PUBLICACIÓN Y/O DESIGNACIÓN SECUENCIAL
Fecha de publicación y/o designación secuencial Began with: Volume 1, part 1 (June 2001).
520 ## - SUMARIO, ETC.
Sumario, etc. The established international forum for high quality analysis of corporate, securities and financial law, The Journal of Corporate Law Studies is:<br/><br/>vital for teaching and research,<br/>vital for practice,<br/>vital for regulation, law and policy-making.<br/>We cover corporate law and corporate governance, capital market and broader financial regulation, and restructuring and insolvency. Our strong global perspective and interdisciplinary understanding of financial, economic and political contexts and the impact of technological developments makes us the "go to" source for a fully developed, rigorously analytical view of the area - anyone who works in any field where corporate law arises cannot afford to be without it.
650 #0 - PUNTO DE ACCESO ADICIONAL DE MATERIA--TÉRMINO DE MATERIA
Término de materia o nombre geográfico como elemento de entrada Corporation law
Subdivisión geográfica Great Britain
Subdivisión de forma Periodicals.
650 #0 - PUNTO DE ACCESO ADICIONAL DE MATERIA--TÉRMINO DE MATERIA
Término de materia o nombre geográfico como elemento de entrada Corporation law
Subdivisión de forma Periodicals.
655 #0 - TÉRMINO DE INDIZACIÓN--GÉNERO/FORMA
Datos o término principal de género/forma Electronic journals.
856 ## - LOCALIZACIÓN Y ACCESO ELECTRÓNICOS
Identificador Uniforme del Recurso <a href="https://bibliotheque.tbs-education.fr/Default/doc/PUBFINDER/edp4602022/journal-of-corporate-law-studies">https://bibliotheque.tbs-education.fr/Default/doc/PUBFINDER/edp4602022/journal-of-corporate-law-studies</a>
942 ## - ELEMENTOS DE ENTRADA AGREGADA (KOHA)
Fuente del sistema de clasificación o colocación Clasificación de Library of Congress
Holdings
Estado de retiro Estado de pérdida Fuente del sistema de clasificación o colocación Estado dañado No para préstamo Biblioteca de origen Biblioteca actual Fecha de adquisición Total de préstamos Fecha visto por última vez Identificador Uniforme del Recurso Precio válido a partir de Tipo de ítem Koha
    Clasificación de Library of Congress     TBS Barcelona TBS Barcelona 15/09/2025   15/09/2025 https://bibliotheque.tbs-education.fr/Default/doc/PUBFINDER/edp4602022/journal-of-corporate-law-studies 15/09/2025 Academic Journal

Powered by Koha